| 000 | 00366nam a22001337a 4500 | ||
|---|---|---|---|
| 082 |
_a823 _bDAM/T |
||
| 100 | _aDAMI, ELISABETTA | ||
| 245 | _aTHEA STILTON AND THE GREAT TULIP HEIST | ||
| 246 |
_aTHEA STILTON AND THE GREAT TULIP HEIST _bTHEA STILTON AND THE GREAT TULIP HEIST |
||
| 260 |
_aU K _bSCHOLASTIC |
||
| 300 | _a158 | ||
| 650 | _aENGLISH FICTION | ||
| 942 | _cBK | ||
| 999 |
_c8722 _d8722 |
||